banner-ar

CHARLES : (Record no. 4754)

MARC details
000 -الفاتح
حقل البيانات ثابتة الطول 00602nam a2200217Ia 4500
008 - عناصر البيانات ثابتة الطول - معلومات عامة
حقل البيانات ثابتة الطول 140319s9999 xx 000 0 eng d
020 ## - الرقم الدولى المعيارى للكتب
الرقم الدولى المعيارى للكتاب 0060193867
040 ## - مصدر الفهرسة
وكالة الفهرسة الأصلية GCL /
وكالة النسخ GCL
082 04 - رقم تصنيف ديوى العشرى
رقم التصنيف 923.2
رقم المادة J C
100 1# - المدخل الرئيسى - إسم شخصى
الإسم الشخصى JUNOR, PENNY
245 10 - بيان العنوان
العنوان CHARLES :
بقية العنوان VICTIM OR VALLAIN ? /
بيان المسئوليه,etc JUNOR, PENNY
260 ## - PUBLICATION, DISTRIBUTION, ETC. (IMPRINT)
تاريخ النشر أو التوزيع 1998
300 ## - الوصف المادى
التعداد 22 CM ؛
أبعاد الوعاء 304 P
650 04 - المدخل الاضافى بالموضوع-مصطلح موضوعى
مصطلح موضوعي SPENCER, CHARLES
650 04 - المدخل الاضافى بالموضوع-مصطلح موضوعى
مصطلح موضوعي SPENCER, CHARLES - BIOGRAPHY
650 04 - المدخل الاضافى بالموضوع-مصطلح موضوعى
مصطلح موضوعي PRINCES - BIOGRAPHY
650 04 - المدخل الاضافى بالموضوع-مصطلح موضوعى
مصطلح موضوعي SPENCER, DIANA
650 04 - المدخل الاضافى بالموضوع-مصطلح موضوعى
مصطلح موضوعي PARKER, CAMILLA
942 ## - عناصر المدخل الإضافي( كوها)
مصدر التصنيف او مخطط الترفيف Dewey Decimal Classification
Koha [default] item type كتاب
260 ## - PUBLICATION, DISTRIBUTION, ETC. (IMPRINT)
-- [S.N] :
-- HARPER COLLINS COLLEGE PUBLISBERS ،
Holdings
حالة التراجع حالة الفقد حالة تلف ليس للاعارة المكان المؤقت الموقع الحالى تاريخ الاكتساب اجمالي اﻻعارات رقم الطلب الباركود تاريخ اخر مشاهدة تاريخ تفعيل السعر نوع وعاء كوها
        مكتبة القاهرة الكبرى مكتبة القاهرة الكبرى 03/26/2014   923.2\J C 10683 03/26/2014 03/26/2014 كتاب

Powered By

EGPV